000 01355camaa22003732i 4500
001 1201470
003 EG-GICUC
005 20260625134123.0
008 980720s1999 caua jrb 001 0 eng d
010 _a 98065195
020 _a9780761513896
040 _aMoS
_cMoS
_dDLC
_dEG-GICUC
_beng
_erda
050 0 0 _aQA76.9.C55
_bT35 1999
082 0 0 _a005.75/85
_221
_bT147
092 0 4 _221
_a005.75/85
_bT147
099 _a005.75/85 T147
100 1 _aTalmage, Ron.
_eAuthor.
245 1 0 _aMicrosoft SQL server 7.0 administrator's guide /
_cRon Talmage.
246 1 8 _aSQL server 7
264 _aRocklin, Calif. :
_bPrima Tech,
_cc1999.
300 _axxvii, 770 pages :
_billustrations ;
_c24 cm. +
_e1 computer optical disc (4 3/4 in.)
336 _2rdacontent
_atext
337 _2rdamedia
_aUnmediated
338 _2rdacarrier
_avolume
500 _aCD-ROM includes shareware and evaluation software.
500 _a"Comprehensive reference for installing, configuring, managing, and developing with Microsoft SQL Server 7"--Cover.
504 _aIncludes bibliographical references (p. 728-736) and index.
541 _aوزارة الثقافة ؛
_bالقاهرة ؛
_cإهداء ؛
_d2023.
630 0 0 _aSQL server.
650 0 _aClient/server computing.
650 0 _aDatabase management.
905 _aSamah
942 _2ddc
_cBK
_e21
_n0
999 _c180621
_d180621